KOHA-Header-6

Auditing: A Risk Based-Approach (Record no. 13208)

000 -LEADER
fixed length control field 00341nam a22001217a 4500
020 ## - INTERNATIONAL STANDARD BOOK NUMBER
ISBN 9781337619455
082 ## - DEWEY DECIMAL CLASSIFICATION NUMBER
Classification number 657.45
100 ## - MAIN ENTRY--AUTHOR NAME
Personal name Larry Rittenberg , Karla Johnstone-Zehms, Audrey Gramling
245 ## - TITLE STATEMENT
Title Auditing: A Risk Based-Approach
250 ## - EDITION STATEMENT
Edition statement 11th
260 ## - PUBLICATION, DISTRIBUTION, ETC. (IMPRINT)
Place of publication USA
Name of publisher South-Western College Publishing
Year of publication 2018
942 ## - ADDED ENTRY ELEMENTS (KOHA)
Koha item type Accounting
Holdings
Withdrawn status Lost status Collection code Permanent Location Current Location Shelving location Date acquired Full call number Accession Number Koha item type
      MAJU MAJU   2022-02-19 657.45 10294 Accounting

Powered by Koha